Влияние технологических погрешностей на точность балансировки ротора; Современные проблемы машиностроения

Detaylı Bibliyografya
Parent link:Современные проблемы машиностроения.— 2008.— С. 27-28
Yazar: Зиякаев Г. Р. Григорий Ракитович
Diğer Yazarlar: Замятин В. М. Владимир Маркович
Dil:Rusça
Baskı/Yayın Bilgisi: 2008
Konular:
Materyal Türü: MixedMaterials Kitap Bölümü
KOHA link:https://koha.lib.tpu.ru/cgi-bin/koha/opac-detail.pl?biblionumber=157625

MARC

LEADER 00000naa2a2200000 4500
001 157625
005 20231226102720.0
035 |a (RuTPU)RU\TPU\book\170981 
090 |a 157625 
100 |a 20090410d2008 k y0rusy50 ca 
101 0 |a rus 
102 |a RU 
200 1 |a Влияние технологических погрешностей на точность балансировки ротора  |f Г. Р. Зиякаев, В. М. Замятин 
320 |a Библиогр.: 1 назв. 
463 0 |0 (RuTPU)RU\TPU\book\164780  |t Современные проблемы машиностроения  |o труды IV Международной научно-технической конференции, 26-28 ноября 2008 г., Томск  |f Томский политехнический университет (ТПУ)  |v С. 27-28  |d 2008  |p 666 с. 
610 1 |a роторы 
610 1 |a балансировка 
610 1 |a точность 
610 1 |a технологические погрешности 
610 1 |a неуравновешенный момент 
610 1 |a динамические модели 
610 1 |a труды учёных ТПУ 
700 1 |a Зиякаев  |b Г. Р.  |c специалист в области машиностроения  |c доцент Томского политехнического университета, кандидат технических наук  |f 1975-  |g Григорий Ракитович  |3 (RuTPU)RU\TPU\pers\25576  |9 11506 
701 1 |a Замятин  |b В. М.  |c специалист в области машиностроения  |c доцент Томского политехнического университета, кандидат технических наук  |f 1951-  |g Владимир Маркович  |3 (RuTPU)RU\TPU\pers\24227  |4 070 
801 1 |a RU  |b 63413507  |c 20090410  |g PSBO 
801 2 |a RU  |b 63413507  |c 20131024  |g RCR 
942 |c BK